Регионална библиотека "Любен Каравелов" - Русе

Черният оркестър (Запис номер 156101)

MARC детайли
000 -Лидер
Контролно поле с фиксирана дължина 01209nam a2200313 c 4500
003 - Код на организацията, давaща контролен номер
Контролно поле BLK
005 - Дата и час на последна редакция
Контролно поле 20220324113243.0
008 - Елементи от данни с фиксирана дължина
fixed length control field 180410b bul|||||r ||||||| ||bul||
010 ## - Наследен системен номер
LC control number KNG00162870000
040 ## - Източник на каталожния запис
Идентификатор на билиотеката - собственик на записа BLK
041 ## - Код за език
Код за езика на текст/звукозапис или на отделно заглавие Български
Код за езика КДБФ Български
080 ## - УДК
Текстов определител УДК Вътрешна политика. Вж и 329
УДК код - определител по УДК 323
УДК определител (104)
УДК - код + определител 323(104)
100 1# - Редна дума - Автор
Автор Лоран, Фредерик
Авторска отговорност първи автор
R(LIN) 333214
139 ## - Редно поле
Редна дума Лоран, Фредерик
Авторски знак Лор - Л 83
245 10 - Сведения за заглавието
Заглавие Черният оркестър
Подзаглавни данни Полит. очерк за десния екстремизъм
Редно поле (дума) Фредерик Лоран; прев. от фр. Никола Захариев.
257 ## - Страна на издаване
Страна на създаване/издаване Франция
260 ## - Област на издателските данни
Име на издателя, разпространителя и проч. Партиздат
Година на издаване 1982
Място на издаване, разпространение и проч. София
300 ## - Физическа характеристика
Страници 371 с.
Размери/Мащаб 20 см
380 ## - Жанр
Жанр Обществени науки
500 ## - Общи забележки
Забележка Ориг. загл. L`Orchestre noir. - 43 615 тир.
653 ## - Ключова дума – ненормативна
Ключова дума екстремизъм
653 ## - Ключова дума – ненормативна
Ключова дума тероризъм
700 1# - Други автори (авторска отговорност)
Лично име Захариев, Никола
Автороска отговорност (Описва отношението между автора и произведението) прев. от фр.
9 (RLIN) 380255
852 ## - Местоположение
Форматна сигнатура Цб 113028
Фондова буква Хранилище
856 4# - Електронен адрес и достъп
Електронен формат pdf - файл
856 4# - Електронен адрес и достъп
Електронен формат pdf - файл
999 ## - СИСТЕМНИ КОНТРОЛНИ НОМЕРА
Koha biblionumber 156101
Koha biblioitemnumber 156101
942 ## - АРТИКУЛИ
Вид на библиотечния материал Книги
Скрит в OPAC Не
Периодичен библиозапис Да
944 ## - СЪЗДАВАНЕ И РЕДАКЦИЯ на ЗАПИСА
Създаване/Редакция Създаване
Дата на регистрацията/редакция 10.07.2014
Статус, дата на статуса 10.07.2014 - от С1,Р / 10.07.2014
Служител, извършил регистрацията/редакцията Грета_Цуфелде
Наличности
Код за отписване Код за изгубен артикул Източник на класификационната схема Код за повреда Коз за рестрикции Код за отдаване Артикулен № Име на библиотеката - собственик Име на библиотеката, в която се намира в момента Статус (Текущо местоположение) Дата на вписване в системата Местоположение - отдел Цена в лева Инвентарен номер Систематично азбучна сигнатура Баркод Номер на екземпляра Цена в евро Служебна бележка Служебен тип на артикула
  Не е изгубен Universal Decimal Classification Не е повреден без рестрикции ползва се в читалня 261721 Регионална библиотека "Любен Каравелов" Русе Регионална библиотека "Любен Каравелов" Русе Хранилище 1982-01-01 Хранилище 1.90 346068 Цб 113028 900000021617 1 0.97 N: стар фонд Дата: 01.01.1982 Книги
Изтеглен Не е изгубен Universal Decimal Classification Не е повреден без рестрикции заемане за дома 261722 Регионална библиотека "Любен Каравелов" Русе Регионална библиотека "Любен Каравелов" Русе Заемна - подръчен фонд 1982-01-01 Заемна - подръчен фонд 1.90 345362 П 323(104)/Л 83 345362 2 0.97 N: стар фонд Дата: 01.01.1982 Дата инв: 02.02.2018 Бележки инв: П2018 Книги
Vip Innovations Ltd, Rousse, Bulgaria 2025